Análisis estructural del relato

Đã lưu trong:
Chi tiết về thư mục
Tác giả chính: Barthes, Roland
Định dạng: Sách
Ngôn ngữ:Undetermined
Được phát hành: Buenos Aires, Argentina Tiempo Contemporáneo 1974
Phiên bản:4
Những chủ đề:
Các nhãn: Thêm thẻ
Không có thẻ, Là người đầu tiên thẻ bản ghi này!

MARC

LEADER 00000nam a2200000Ia 4500
008 170316s9999 xx 000 0 und d
090 |a 801 B-7a 
100 |a Barthes, Roland 
245 |a Análisis estructural del relato 
250 |a 4 
260 |a Buenos Aires, Argentina 
260 |b Tiempo Contemporáneo 
260 |c 1974 
300 |a 208 páginas 
650 |a TEORÍA LITERARIA 
650 |a RELATO - MÉTODOLOGIA 
650 |a ANÁLISIS ESTRUCTURAL 
650 |a FILM NARRATIVO 
650 |a EL CHISTE 
650 |a RELATO LITERARIO 
040 |a cru BVZT 
942 0 0 |0 1 
999 |c 20116  |d 20116